00387nam a2200145Ia 4500008004100000020001800041041000800059082001700067100002200084245004100106250000600147260004500153300001300198650003000211210716s2007 xx 000 0 und d a9780195683592 aeng a658.304 AGAT aAgarwala, Tanuja. aStrategic human resource management. a1 aNew DelhibOxford University Pressc2007 axiii,801 aHuman Resource Management